[Event "GER-chT U20 Girls"]
[Site "Ditzingen"]
[Date "2003.12.27"]
[Round "1.3"]
[White "Neldner, Uta"]
[Black "Weise, Lisa"]
[Result "1-0"]
[WhiteElo "1702"]
[BlackElo "1277"]
[PlyCount "129"]
[EventDate "2003.12.27"]
[EventType "team-swiss"]
[EventRounds "7"]
[EventCountry "GER"]
[SourceTitle "EXT 2022"]
[Source "ChessBase"]
[SourceDate "2021.10.06"]
[SourceVersion "1"]
[SourceVersionDate "2021.10.06"]
[SourceQuality "1"]
[WhiteTeam "Koenig Tegel U20 Girls"]
[BlackTeam "Zeulenroda U20 Girls"]
[WhiteTeamCountry "GER"]
[BlackTeamCountry "GER"]

1. d4 Nf6 2. e3 d6 3. Bd3 Nbd7 4. Nf3 g6 5. 0-0 Bg7 6. c3 0-0 7. e4 e6 8. Bg5 e5 9. Qd2 Qe8 10. Re1 c6 11. Na3 Qe6 12. Nc2 Ne8 13. Bh6 f6 14. Bxg7 Nxg7 15. Qh6 Qf7 16. Ne3 Nb6 17. Qh4 Nh5 18. Ng4 g5 19. Nh6+ Kg7 20. Nxf7 gxh4 21. Nxd6 Nf4 22. Bc2 h3 23. g3 Bg4 24. Nh4 Ne6 25. f3 Bh5 26. Bb3 Ng5 27. Ndf5+ Kh8 28. Kf2 Bf7 29. Bxf7 Nxf7 30. b3 Rad8 31. Rad1 exd4 32. cxd4 Rc8 33. Ne3 Kg7 34. Nhf5+ Kh8 35. Ng4 Nd7 36. Nfe3 Nd6 37. e5 Nb5 38. Nc4 Nc3 39. Rd2 fxe5 40. dxe5 Nc5 41. Nd6 Rcd8 42. Re3 Rxd6 43. exd6 N5e4+ 44. Ke1 Nxd2 45. Kxd2 Nd5 46. Re6 Rd8 47. Ne5 Kg8 48. f4 Nc7 49. Rh6 Kg7 50. Kc2 Ne8 51. d7 Nf6 52. Rxh3 Nxd7 53. Nxd7 Rxd7 54. Rh5 Re7 55. Re5 Rd7 56. h3 Kf6 57. g4 Rd4 58. Rf5+ Ke6 59. Rh5 Rxf4 60. Rxh7 Rf2+ 61. Kb1 Rf1+ 62. Kb2 Rf2+ 63. Ka3 Rf7 64. Rxf7 Kxf7 65. h4 1-0

[Event "GER-ch U16 Girls"]
[Site "Willingen"]
[Date "2003.06.14"]
[Round "9"]
[White "Krenz, Sarah"]
[Black "Neldner, Uta"]
[Result "0-1"]
[WhiteElo "1755"]
[BlackElo "1723"]
[PlyCount "30"]
[EventDate "2003.06.08"]
[EventType "swiss"]
[EventRounds "9"]
[EventCountry "GER"]
[SourceTitle "CBM 094 Extra"]
[Source "ChessBase"]
[SourceDate "2003.07.09"]
[SourceVersion "2"]
[SourceVersionDate "2003.07.09"]
[SourceQuality "1"]

1. d4 c5 2. Nf3 cxd4 3. Nxd4 d5 4. g3 e5 5. Nf3 Nc6 6. Bg2 Nf6 7. 0-0 h6 8. c3 Be6 9. Nbd2 Be7 10. Qc2 Rc8 11. e4 d4 12. cxd4 Nxd4 13. Qa4+ b5 14. Qxa7 Bc5 15. Qb7 Rc7 0-1

[Event "GER-ch U16 Girls"]
[Site "Willingen"]
[Date "2003.06.13"]
[Round "8"]
[White "Neldner, Uta"]
[Black "Dauer, Christina"]
[Result "1/2-1/2"]
[WhiteElo "1723"]
[BlackElo "1444"]
[PlyCount "77"]
[EventDate "2003.06.08"]
[EventType "swiss"]
[EventRounds "9"]
[EventCountry "GER"]
[SourceTitle "CBM 094 Extra"]
[Source "ChessBase"]
[SourceDate "2003.07.09"]
[SourceVersion "2"]
[SourceVersionDate "2003.07.09"]
[SourceQuality "1"]

1. d4 d5 2. e3 Bf5 3. f4 c6 4. Nf3 Nf6 5. Be2 Nbd7 6. 0-0 e6 7. Ne5 Nxe5 8. fxe5 Ne4 9. Nd2 Be7 10. Nf3 b6 11. Bd2 0-0 12. Be1 c5 13. c3 a6 14. Kh1 b5 15. a3 Rc8 16. a4 bxa4 17. Rxa4 Rb8 18. b4 cxb4 19. cxb4 Qc7 20. Qb3 a5 21. b5 Rfc8 22. Bxa5 Qc2 23. Qa2 Qxa2 24. Rxa2 Nc3 25. Bxc3 Rxc3 26. Rfa1 Rbc8 27. Ra8 Bd8 28. Rxc8 Rxc8 29. Kg1 Kf8 30. Kf2 Rc2 31. Ne1 Rb2 32. Kf1 Rb3 33. Kf2 Rb2 34. Ra8 Ke7 35. Ra7+ Kf8 36. h3 Be4 37. Ra3 h6 38. Nf3 g6 39. Ne1 1/2-1/2

[Event "GER-ch U16 Girls"]
[Site "Willingen"]
[Date "2003.06.10"]
[Round "5"]
[White "Forchmann, Anneliese"]
[Black "Neldner, Uta"]
[Result "0-1"]
[WhiteElo "1715"]
[BlackElo "1723"]
[PlyCount "46"]
[EventDate "2003.06.08"]
[EventType "swiss"]
[EventRounds "9"]
[EventCountry "GER"]
[SourceTitle "CBM 094 Extra"]
[Source "ChessBase"]
[SourceDate "2003.07.09"]
[SourceVersion "2"]
[SourceVersionDate "2003.07.09"]
[SourceQuality "1"]

1. e4 c5 2. Nf3 Nc6 3. d4 cxd4 4. Nxd4 Nf6 5. Nc3 e5 6. Ndb5 d6 7. Bg5 a6 8. Na3 b5 9. Bxf6 gxf6 10. Nd5 f5 11. Bd3 Be6 12. 0-0 Bg7 13. c3 0-0 14. Nc2 Rc8 15. Qh5 fxe4 16. Bxe4 f5 17. Bd3 e4 18. Nf4 Bf7 19. Qxf5 exd3 20. Qxd3 Bc4 21. Qg3 Bxf1 22. Rxf1 Qf6 23. Ne3 Qxf4 0-1

[Event "GER-ch U14 Girls"]
[Site "Winterberg"]
[Date "2002.05.25"]
[Round "9"]
[White "Hoolt, Sarah"]
[Black "Neldner, Uta"]
[Result "1-0"]
[WhiteElo "1662"]
[BlackElo "1535"]
[PlyCount "111"]
[EventDate "2002.05.19"]
[EventType "swiss"]
[EventRounds "8"]
[EventCountry "GER"]
[SourceTitle "CBM 088 Extra"]
[Source "ChessBase"]
[SourceDate "2002.07.01"]
[SourceVersion "2"]
[SourceVersionDate "2002.07.01"]
[SourceQuality "1"]

1. e4 d5 2. Nc3 dxe4 3. Nxe4 Qd5 4. Ng3 Nf6 5. Nf3 Bg4 6. Be2 Nc6 7. 0-0 e5 8. d3 Be7 9. h3 Be6 10. Ng5 0-0 11. Bf3 Qd6 12. Re1 Nd7 13. N3e4 Qb4 14. Nxe6 fxe6 15. a3 Qb6 16. Rb1 Nd4 17. Bg4 Nf6 18. Be3 c5 19. Bxd4 exd4 20. Ng3 Nxg4 21. Qxg4 Rf6 22. Nh5 Rg6 23. Qe4 Bd6 24. Re2 Rf8 25. b3 Qc7 26. Rbe1 b5 27. Qh4 e5 28. Qe4 a6 29. Ng3 Qf7 30. Qc6 Be7 31. Qc7 Bd6 32. Qxf7+ Rxf7 33. Ne4 Be7 34. Nd2 Bd6 35. Kf1 Re7 36. Nf3 Rge6 37. Ng5 Rg6 38. Ne4 Kf7 39. Nxd6+ Rxd6 40. Rxe5 Ree6 41. Rxe6 Rxe6 42. Rxe6 Kxe6 43. Ke2 a5 44. Kd2 Ke5 45. g3 g5 46. c4 b4 47. axb4 axb4 48. Ke2 h5 49. Kf3 Kf5 50. g4+ hxg4+ 51. hxg4+ Ke5 52. Kg3 Ke6 53. Kg2 Ke5 54. Kf3 Kf6 55. Ke4 Ke6 56. f3 1-0

[Event "GER-ch U14 Girls"]
[Site "Winterberg"]
[Date "2002.05.23"]
[Round "8"]
[White "Neldner, Uta"]
[Black "Hofmann, Annett"]
[Result "1/2-1/2"]
[WhiteElo "1535"]
[BlackElo "1630"]
[PlyCount "82"]
[EventDate "2002.05.19"]
[EventType "swiss"]
[EventRounds "8"]
[EventCountry "GER"]
[SourceTitle "CBM 088 Extra"]
[Source "ChessBase"]
[SourceDate "2002.07.01"]
[SourceVersion "2"]
[SourceVersionDate "2002.07.01"]
[SourceQuality "1"]

1. e4 e5 2. Nf3 Nf6 3. Nxe5 d6 4. Nxf7 Kxf7 5. d4 g6 6. Bd3 Qe8 7. Nc3 Bg7 8. 0-0 Rf8 9. f4 Kg8 10. e5 dxe5 11. fxe5 Ng4 12. Rxf8+ Qxf8 13. Bc4+ Kh8 14. Qf3 Bf5 15. Bb3 Nc6 16. Ne2 Ncxe5 17. dxe5 Qc5+ 18. Kh1 Bxe5 19. Bg5 Rf8 20. Bh4 Bxb2 21. Rf1 Be5 22. Bg3 Rf6 23. Bh4 Rf8 24. Ng3 Bd6 25. h3 Bxg3 26. Bxg3 Nf6 27. Qf4 c6 28. Bf2 Qe7 29. Re1 Qd7 30. Qe5 h5 31. Bc5 Re8 32. Qxf6+ Kh7 33. Re7+ Rxe7 34. Qxe7+ Qxe7 35. Bxe7 b5 36. Bb4 Kg7 37. Kg1 Kf6 38. Kf2 Be4 39. g3 Ke5 40. Ke3 Bf5 41. h4 Be4 1/2-1/2

[Event "GER-ch U14 Girls"]
[Site "Winterberg"]
[Date "2002.05.21"]
[Round "5"]
[White "Neldner, Uta"]
[Black "Tovmasian, Nelli"]
[Result "1-0"]
[WhiteElo "1535"]
[BlackElo "1390"]
[PlyCount "107"]
[EventDate "2002.05.19"]
[EventType "swiss"]
[EventRounds "8"]
[EventCountry "GER"]
[SourceTitle "CBM 088 Extra"]
[Source "ChessBase"]
[SourceDate "2002.07.01"]
[SourceVersion "2"]
[SourceVersionDate "2002.07.01"]
[SourceQuality "1"]

1. d4 Nf6 2. c4 e6 3. Nc3 d5 4. Bg5 Be7 5. Nf3 Nbd7 6. e3 b6 7. Bd3 dxc4 8. Bxc4 Bb7 9. 0-0 0-0 10. Bd3 Rc8 11. Rc1 Nd5 12. Bxe7 Qxe7 13. Nxd5 Bxd5 14. Ba6 Ra8 15. Rxc7 Qd6 16. Rc3 Rab8 17. Bd3 e5 18. dxe5 Nxe5 19. Nxe5 Qxe5 20. a3 Qg5 21. e4 Be6 22. f4 Qh6 23. Qf3 Rfd8 24. Qg3 Bc8 25. f5 Bb7 26. Rfc1 Rd6 27. Rc7 Rbd8 28. R1c3 Bc6 29. e5 Rd4 30. R3xc6 Qd2 31. h3 h6 32. f6 Qg5 33. Qxg5 hxg5 34. Bc2 g6 35. Rc8 Kf8 36. Rxd8+ Rxd8 37. Rc7 a5 38. Bb3 Re8 39. Rxf7+ Kg8 40. Re7+ Kf8 41. Rxe8+ Kxe8 42. Kf2 Kf8 43. e6 Ke8 44. Ba4+ b5 45. Bxb5+ Kf8 46. e7+ Kf7 47. e8Q+ Kxf6 48. g4 a4 49. Bc4 Kg7 50. Ke3 Kh7 51. Kd4 Kg7 52. Ke5 Kh7 53. Kf6 Kh6 54. Qh8# 1-0

[Event "GER-ch U14 Girls"]
[Site "Winterberg"]
[Date "2002.05.20"]
[Round "4"]
[White "Herkt, Julia"]
[Black "Neldner, Uta"]
[Result "1-0"]
[WhiteElo "1523"]
[BlackElo "1535"]
[PlyCount "69"]
[EventDate "2002.05.19"]
[EventType "swiss"]
[EventRounds "8"]
[EventCountry "GER"]
[SourceTitle "CBM 088 Extra"]
[Source "ChessBase"]
[SourceDate "2002.07.01"]
[SourceVersion "2"]
[SourceVersionDate "2002.07.01"]
[SourceQuality "1"]

1. d4 d5 2. e3 e6 3. Bd3 f5 4. f4 Nf6 5. Nf3 Be7 6. Nbd2 0-0 7. Nb3 Qe8 8. Qe2 Ne4 9. Bd2 b6 10. 0-0-0 a5 11. g4 a4 12. Na1 Ba6 13. gxf5 exf5 14. Rhg1 Qc6 15. Qg2 Bf6 16. Bb4 Re8 17. Bxe4 dxe4 18. Ne5 Qd5 19. Kb1 Nc6 20. Nxc6 Qxc6 21. d5 Qb5 22. c3 Rad8 23. d6 cxd6 24. Nc2 d5 25. Nd4 Bxd4 26. Rxd4 Qd7 27. Rxd5 Bd3+ 28. Kc1 Qf7 29. Rxf5 Qd7 30. Rg5 g6 31. f5 Qf7 32. b3 Re5 33. fxg6 Rxg5 34. gxf7+ Kxf7 35. Qxg5 1-0